Villes de Bretagne - Mort Subite - Statistiques

Statistiques générales
  • Ce quiz a été pris 3 003 fois
  • Le résultat moyen est 13 sur 40
Answers on the Grid
Answers color-coded by a green-red scale on the quiz's grid according to % correct below.
Rennes
Bécherel
Callac
Carnac
Brest
Quimper
Saint-Brieuc
Dinan
Perros-Guirec
Cadillac
Karnac
Vannes
Lorient
Pontivy
Redon
Saint-Malo
Bruz
Morlaix
Guingamp
Langonnet
Ploufragan
Ruca
Bon Repos sur Blavet
Uzel
Kermaria-Sulard
Betton
Brie
Moulins
Le Rheu
Cast
Berrien
Quedillac
Loctudy
Roscoff
Concarneau
Plougasnou
Crach
Auray
Quiberon
Hennebont
Figeac
Jaujac
Rezé
Crossac
Guémené-Penfao
Pessac
Herbignac
Saint Nicolas de Redon
Craon
Florac
Pauillac
Géletrac
Plou
Bio
Gignac
Breitenbach
Bust
Fougères
Vitré
L'Heureux
 
Statistiques - réponses
Réponse % Correct
Rennes
59%
Brest
58%
Lorient
58%
Saint-Malo
58%
Quimper
57%
Guingamp
55%
Saint-Brieuc
55%
Vannes
55%
Concarneau
52%
Dinan
52%
Quiberon
52%
Morlaix
50%
Carnac
47%
Fougères
47%
Pontivy
46%
Perros-Guirec
44%
Vitré
44%
Roscoff
43%
Redon
41%
Auray
40%
Ploufragan
34%
Bruz
33%
Hennebont
32%
Loctudy
28%
Plougasnou
27%
Le Rheu
26%
Betton
23%
Bécherel
16%
Callac
16%
Crach
15%
Quedillac
12%
Uzel
11%
Langonnet
10%
Bon Repos sur Blavet
8%
Cast
8%
Kermaria-Sulard
8%
Berrien
7%
Brie
5%
Ruca
3%
Moulins
2%
Aucun quiz correspondant
Distribution des résultats
% des personnes avec chaque résultat
Percentile par nombre de réponses
Votre historique - résultats
Vous n’avez pas pris ce quiz